2025 MLB Opening Day Starters - Statistics

General Stats
  • This quiz has been taken 33 times
  • The average score is 20 of 30
Answer Stats
Team Pitcher % Correct
Boston Red Sox Garrett Crochet
93%
Houston Astros Framber Valdez
83%
Pittsburgh Pirates Paul Skenes
83%
Detroit Tigers Tarik Skubal
83%
Atlanta Braves Chris Sale
80%
Toronto Blue Jays Jose Berrios
80%
Philadelphia Phillies Zack Wheeler
80%
Kansas City Royals Cole Ragans
77%
New York Yankees Carlos Rodon
73%
Cincinnati Reds Hunter Greene
73%
San Francisco Giants Logan Webb
73%
Minnesota Twins Pablo Lopez
73%
St. Louis Cardinals Sonny Gray
73%
Milwaukee Brewers Freddy Peralta
70%
Seattle Mariners Logan Gilbert
70%
Washington Nationals MacKenzie Gore
70%
Texas Rangers Nathan Eovaldi
70%
Los Angeles Dodgers Yoshinobu Yamamoto
70%
Miami Marlins Sandy Alcantara
67%
Arizona Diamondbacks Zac Gallen
67%
Baltimore Orioles Zach Eflin
67%
Athletics Luis Severino
63%
Cleveland Guardians Tanner Bibee
60%
San Diego Padres Michael King
57%
Los Angeles Angels Yusei Kikuchi
57%
New York Mets Clay Holmes
53%
Chicago Cubs Shota Imanaga
53%
Colorado Rockies Kyle Freeland
47%
Chicago White Sox Sean Burke
40%
Tampa Bay Rays Shane McClanahan
37%
No matching quizzes found
Score Distribution
Percent of People with Each Score
Percentile by Number Answered
Your Score History
You have not taken this quiz